000 00592nam a2200205Ii 4500
001 12736
003 CO-ViMGA
008 241108s9999||||xx |||||||||||||| ||und||
040 _aCO-ViMGA
_bspa
_erda
_cCO-ViMGA
041 0 _aunk
082 0 4 _a321.9-C176
100 1 _aFrancisco Cambó
_954573
245 1 0 _aLas dictaduras
264 1 _a[Lugar de publicación no identificado] : Espasa Calpe, 1929
300 _avolumen
336 _atext
_btxt
_2rdacontent
337 _aunmediated
_bn
_2rdamedia
338 _avolume
_bnc
_2rdacarrier
940 _aidficha_siabuc: 12444. -- ficha_no_siabuc:12736
999 _c51656
_d51656